| 000 | 00644nam a2200253Ia 4500 | ||
|---|---|---|---|
| 003 | OSt | ||
| 005 | 20221005044510.0 | ||
| 006 | a|||||r|||| 00| 0 | ||
| 007 | ta | ||
| 008 | 221004b |||||||| |||| 00| 0 eng d | ||
| 024 | _a60946 | ||
| 037 | _cTextual | ||
| 040 |
_aCRL _cCRL _beng |
||
| 041 |
_2eng _aeng |
||
| 082 | _aU8.44Q7g7, fN4 | ||
| 100 |
_aHanif Raza M _9592610 |
||
| 245 | 0 | _aMountains of Pakistan | |
| 250 | _a3rd | ||
| 260 |
_aIslamabad _bColorprix Pakistan _c1994 |
||
| 300 |
_a162p. _ccm. |
||
| 650 | _aGEOGRAPHY | ||
| 942 |
_hU8.44Q7g7, fN4 _cTEXL _2cc |
||
| 999 |
_c953486 _d953486 |
||